Women participation in Bangladesh local Government : (Record no. 84406)
[ view plain ]
| 000 -LEADER | |
|---|---|
| fixed length control field | 01051nam a2200241 a 4500 |
| 001 - CONTROL NUMBER | |
| control field | 84406 |
| 003 - CONTROL NUMBER IDENTIFIER | |
| control field | BD-RjUL |
| 005 - DATE AND TIME OF LATEST TRANSACTION | |
| control field | 20241202165100.0 |
| 008 - FIXED-LENGTH DATA ELEMENTS--GENERAL INFORMATION | |
| fixed length control field | 241202s2023 bg a|||| m||| 00| 0 eng d |
| 035 ## - SYSTEM CONTROL NUMBER | |
| System control number | (BD-RjUL)84406 |
| 040 ## - CATALOGING SOURCE | |
| Original cataloging agency | BD-RjUL |
| Language of cataloging | eng |
| Transcribing agency | BD-RjUL |
| Modifying agency | BD-RjUL |
| 041 ## - LANGUAGE CODE | |
| Language code of text/sound track or separate title | eng |
| 082 ## - DEWEY DECIMAL CLASSIFICATION NUMBER | |
| Edition number | 23 |
| Classification number | 320.8095492 |
| Item number | KAW 2023 |
| 100 ## - MAIN ENTRY--PERSONAL NAME | |
| Personal name | Karim, Mst. Rezwana |
| 9 (RLIN) | 14517 |
| 245 10 - TITLE STATEMENT | |
| Title | Women participation in Bangladesh local Government : |
| Remainder of title | Representation modalities and institutional efficacy / |
| Statement of responsibility, etc. | Researcher Mst. Rezwana Karim ; |
| Linkage | Supervisor : Begum, Asma Siddiqua |
| 260 ## - PUBLICATION, DISTRIBUTION, ETC. | |
| Place of publication, distribution, etc. | Rajshahi : |
| Name of publisher, distributor, etc. | Institute of Bangladesh Studies, (IBS), University of Rajshahi, |
| Date of publication, distribution, etc. | 2023 |
| 300 ## - PHYSICAL DESCRIPTION | |
| Extent | xviii, 142P. 16-17 leaves : |
| Other physical details | ill, ; |
| Dimensions | 29.cm. |
| 502 ## - DISSERTATION NOTE | |
| Dissertation note | Thesis (M. Phil.) -- Institute of Bangladesh Studies, (IBS), University of Rajshahi, 2023 |
| 504 ## - BIBLIOGRAPHY, ETC. NOTE | |
| Bibliography, etc. note | Includes Bibliographical References : 121-128 (16 -17) |
| 650 ## - SUBJECT ADDED ENTRY--TOPICAL TERM | |
| Topical term or geographic name entry element | Local Government |
| Form subdivision | Women participation |
| Geographic subdivision | Bangladesh) |
| 9 (RLIN) | 14518 |
| 700 ## - ADDED ENTRY--PERSONAL NAME | |
| Personal name | Siddiqua, Begum, Asma |
| 9 (RLIN) | 1919 |
| Relator term | Supervisor |
| 942 ## - ADDED ENTRY ELEMENTS (KOHA) | |
| Source of classification or shelving scheme | Dewey Decimal Classification |
| Koha item type | Theses |
| Suppress in OPAC | No |
| Withdrawn status | Lost status | Source of classification or shelving scheme | Damaged status | Not for loan | Collection code | Home library | Current library | Shelving location | Date acquired | Source of acquisition | Total Checkouts | Full call number | Barcode | Date last seen | Copy number | Price effective from | Koha item type |
|---|---|---|---|---|---|---|---|---|---|---|---|---|---|---|---|---|---|
| Dewey Decimal Classification | Not For Loan | Theses | Central Library, University of Rajshahi | Central Library, University of Rajshahi | Documentation Section | 07/11/2024 | Controller of Exam. R.U. | THE 320.8095492 KAW 2023 | D4972 | 02/12/2024 | C-1 | 02/12/2024 | Theses |